书目信息 |
| 题名: |
中国房价波动的收入分配效应研究
|
|
| 作者: | 张传勇, 著 | |
| 分册: | ||
| 出版信息: | 上海 华东师范大学出版社 2015.11 |
|
| 页数: | 212页 | |
| 开本: | 24cm | |
| 丛书名: | ||
| 单 册: | ||
| 中图分类: | F126.2 | |
| 科图分类: | ||
| 主题词: | 房价--fang jia--经济波动--影响--收入分配--效应--研究--中国 | |
| 电子资源: | ||
| ISBN: | 978-7-5675-4244-0 | |
| 000 | 01327nam0 2200289 450 | |
| 001 | 0100195329 | |
| 005 | 20201116161715.76 | |
| 010 | @a978-7-5675-4244-0@dCNY40.00 | |
| 100 | @a20151231d2015 em y0chiy50 ea | |
| 101 | 0 | @achi |
| 102 | @aCN@b310000 | |
| 105 | @aak a 000yy | |
| 106 | @ar | |
| 200 | 1 | @a中国房价波动的收入分配效应研究@Azhong guo fang jia bo dong de shou ru fen pei xiao ying yan jiu@f张传勇著@Fzhang zhuan yong zhu |
| 210 | @a上海@c华东师范大学出版社@d2015.11 | |
| 215 | @a212页@c图@d24cm | |
| 300 | @a国家自然科学青年基金 (71403059) | |
| 306 | @a华东师范大学青年学术著作出版基金资助出版 | |
| 320 | @a有书目 (第192-209页) | |
| 330 | @a本书将住房价格波动引起居民之间收入分配状况发生变化的现象定义为房价波动的收入分配效应, 并通过对宏观、微观与区域性差异等方面材料的分析, 试图探讨“房价波动的收入分配效应”在中国的存在性及其具体表现。无论是中国的宏观时序数据、省级面板数据还是家庭微观调查数据都验证了住房价格波动会引起家庭财产性收入和家庭总财富的变化, 从而改变居民家庭之间的收入分配状况, 具有收入分配效应。 | |
| 540 | @a中国房价波动的收入分配效应研究 | |
| 606 | 0 | @a房价@Afang jia@x经济波动@x影响@x收入分配@x效应@x研究@y中国 |
| 690 | @aF126.2@v5 | |
| 701 | 0 | @a张传勇,@Azhang zhuan yong@f1981-@4著 |
| 801 | @aCN | |
| 901 | @a21 | |
| 905 | @a河南城建学院图书馆@b1294379-81@dF126.2@eZ258@f3 | |
| 中国房价波动的收入分配效应研究/张传勇著.-上海:华东师范大学出版社,2015.11 |
| 212页:图;24cm |
| 国家自然科学青年基金 (71403059) |
| ISBN 978-7-5675-4244-0:CNY40.00 |
| 本书将住房价格波动引起居民之间收入分配状况发生变化的现象定义为房价波动的收入分配效应, 并通过对宏观、微观与区域性差异等方面材料的分析, 试图探讨“房价波动的收入分配效应”在中国的存在性及其具体表现。无论是中国的宏观时序数据、省级面板数据还是家庭微观调查数据都验证了住房价格波动会引起家庭财产性收入和家庭总财富的变化, 从而改变居民家庭之间的收入分配状况, 具有收入分配效应。 |
| ● |
| 相关链接 |
|
|
|
正题名:中国房价波动的收入分配效应研究
索取号:F126.2/Z258
 
预约/预借
| 序号 | 登录号 | 条形码 | 馆藏地/架位号 | 状态 | 备注 |
| 1 | 1294379 | 212943799 | 社科库409/409社科库 70排1列4层/ [索取号:F126.2/Z258] | 在馆 | |
| 2 | 1294380 | 212943805 | 社科库409/409社科库 70排1列4层/ [索取号:F126.2/Z258] | 在馆 | |
| 3 | 1294381 | 212943812 | 社科库409/409社科库 70排1列4层/ [索取号:F126.2/Z258] | 在馆 |